Estatísticas para Alguns personagens de Dragon Ball

Clique aqui para jogar o quiz

Estatísticas Gerais

  • Esse quiz foi jogado 507 vezes
  • A pontuação média é 11 de 18

Estatísticas das Respostas

Letra InicialPersonagem% Correto
VVegeta
95%
SSon Goku
90%
BBulma
86%
SSon Gohan
83%
PPiccolo
81%
TTrunks
81%
KKuririn
79%
SSon Goten
74%
FFreeza
72%
MMajin Boo
71%
KMestre Kame
53%
AAndroide 18
48%
AAndroide 17
47%
VVidel
46%
SMr. Satan
44%
PPan
36%
DDende
24%
SShen Long
18%

Distribuição das Pontuações

Percentil de Números Respondidos

Porcentagem de Pessoas com Cada Pontuação

Sua Pontuação Histórica

Você não jogou esse quiz